Reverse Dictionary #11 - Statistics

General Stats
  • This quiz has been taken 96 times
  • The average score is 13 of 25
Answer Stats
Definition First Letter Word % Correct
One who has achieved victory or often achieves victory. W winner
99%
The part of a garment that covers the arm. S sleeve
96%
A passage in text that starts on a new line, the first line sometimes being indented, and usually marks a change of topic. P paragraph
91%
A designated player that attempts to prevent the opposing team from scoring by protecting an area into which the opposing players attempt to put an object. G goalkeeper
90%
Not any. N no
90%
Requiring little skill or effort. E easy
86%
Sensation, particularly through the skin. F feeling
83%
A device, generally constructed from fabric, that is designed to employ air resistance to control the fall of an object or person, causing them to float instead of falling. P parachute
81%
A moon or other smaller body orbiting a larger one. S satellite
75%
The concept or state of exchanging data or information between entities. C communication
58%
The right or ability of approaching or entering. A access
52%
Open disrespect or willful disobedience of the authority of a court of law or legislative body. C contempt
49%
To increase the capacity of; to expand. E enlarge
46%
A style of dress, including garments, accessories and hairstyle, especially as characteristic of a particular country, period or people. C costume
42%
The process of penetrating, or ranging over for purposes of (especially geographical) discovery. E exploration
42%
Diligent inquiry or examination to seek or revise facts, principles, theories, applications, etc. R research
42%
A piece of real estate, such as a plot or parcel of land, along with any buildings thereon. P property
38%
Special weight or forcefulness given to something considered important. E emphasis
37%
A fundamental assumption or guiding belief. P principle
36%
A person authorized to examine and verify accounts. A auditor
26%
An official gathering to celebrate, commemorate, or otherwise mark some event. C ceremony
21%
Composed and coordinated to form a whole. I integrated
20%
To direct the attention of (someone toward something). R refer
16%
A state of pain or distress. S suffering
12%
1. (noun, mostly US) An eccentric, crazy or foolish person.2. (adjective; of an idea or theory, e.g.) Eccentric or impractical. C crackpot
5%
No matching quizzes found
Score Distribution
Percent of People with Each Score
Percentile by Number Answered
Your Score History
You have not taken this quiz